Normal view
MARC view
- kumar V V R, Ed. & Abhyankar M W, Donor
Entry Personal Name
001 - CONTROL NUMBER
- control field: 215217
003 - CONTROL NUMBER IDENTIFIER
- control field: OSt
005 - DATE AND TIME OF LATEST TRANSACTION
- control field: 20251120194653.0
008 - FIXED-LENGTH DATA ELEMENTS
- fixed length control field: 251120|| aca||aabn | a|a d
040 ## - CATALOGING SOURCE
- Original cataloging agency: OSt
- Transcribing agency: OSt
100 ## - HEADING--PERSONAL NAME
- Personal name: kumar V V R, Ed. & Abhyankar M W, Donor
670 ## - SOURCE DATA FOUND
- Source citation: Work cat.: (OSt)93636: kumar V V R, Ed. 215215, Effective Presentation Skills, 2006